| 000 | aam a22 7a 4500 | ||
|---|---|---|---|
| 999 |
_c7175 _d7175 |
||
| 003 | OSt | ||
| 005 | 20181108164203.0 | ||
| 008 | 181108s2017 spc |||| |||||0|| e spa|d | ||
| 017 |
_aDL B 23311-2017 _bBiblioteca de Catalunya |
||
| 020 | _a9788491680260 | ||
| 040 |
_aES-BaUB _bcat _cCDMR |
||
| 100 | 1 |
_aAngulo Egea, María, _eautor |
|
| 245 | 1 | 0 |
_aInmersiones _b: crónica de viaje y periodismo encubierto / _cMaría Angulo Egea ; prólogo de Antonio López Hidalgo |
| 260 |
_aBarcelona : _bEdicions de la Universitat de Barcelona, _c[2017] |
||
| 300 |
_a188 p. ; _c24 cm |
||
| 504 | _aInclou bibliografia | ||
| 650 | 0 | 4 |
_aPeriodisme d'investigació _93353 |
| 650 | 0 | 4 |
_aPeriodisme i literatura _93088 |
| 650 | 4 |
_aPeriodisme--Manuals d'estil _93772 |
|
| 650 | 7 |
_aDones periodistes _2lemac _92913 |
|
| 700 | 1 |
_aLópez Hidalgo, Antonio, _d1957- |
|
| 942 | _cMON | ||